| 000 | 01211nam0a22002531 4500 | ||
|---|---|---|---|
| 001 | rc\811316 | ||
| 005 | 20250622001526.0 | ||
| 035 | _a(NLR Aleph) 005994651 | ||
| 090 |
_a7164455 _c7164455 |
||
| 100 | _a20041129d1984 |||y0rusy50 ca | ||
| 101 | 0 | _arus | |
| 102 | _aRU | ||
| 105 | _ay ||||||||| | ||
| 200 | 1 |
_aСодержание и методика самообразовательной работы студентов педагогических вузов _e(Метод. рекомендации) _fМ-во просвещения КазССР, Респ. учеб.-метод. каб. по высш. и сред. пед. образованию _g[к. п. н. Н.Д. Иванова] |
|
| 210 |
_aАлма-Ата _cБ. и. _d1984 |
||
| 215 |
_a71 с., 1 л. план. _d20 |
||
| 320 | _aБиблиогр.: с. 68-69 | ||
| 702 | 1 |
_aИванова _bН.Д. _gНадежда Дмитриевна _4220 |
|
| 712 | 0 | 2 |
_aКазахский респ. учеб.-метод. кабинет по высшему и среднему специальному пед. образованию _cАлма-Ата |
| 801 | 0 |
_aRU _bNLR _gpsbo |
|
| 801 | 1 |
_aRU _bELAR _2rusmarc |
|
| 852 |
_aNLR _j85-4/13307 |
||
| 942 | _cBOOK | ||
| 980 | _aNB | ||